书目信息 |
| 题名: |
Ad Hoc移动无线网络
|
|
| 作者: | 王金龙 , 王呈贵 , 吴启晖 编著 | |
| 分册: | ||
| 出版信息: | 北京 国防工业出版社 2004.05 |
|
| 页数: | 326页 | |
| 开本: | 26cm | |
| 丛书名: | 面向21世纪高等学校教材 | |
| 单 册: | ||
| 中图分类: | TN929.5 | |
| 科图分类: | ||
| 主题词: | 移动通信--通信网--高等学校--教材 | |
| 电子资源: | ||
| ISBN: | 7-118-03386-3 | |
| 000 | 00891nam 2200277 450 | |
| 001 | 0108251430 | |
| 005 | 20050913103020.04 | |
| 010 | @a7-118-03386-3@dCNY31.00 | |
| 100 | @a20040825d2004 km y0chiy0120 ea | |
| 101 | 0 | @achi |
| 102 | @aCN@b110000 | |
| 105 | @aa a 000yy | |
| 200 | 1 | @aAd Hoc移动无线网络@AAd Hoc Yi Dong Wu Xian Wang Luo@f王金龙 … [等] 编著@Fwang jin long…[deng]bian zhu |
| 210 | @a北京@c国防工业出版社@d2004.05 | |
| 215 | @a326页@c图@d26cm | |
| 225 | 2 | @a面向21世纪高等学校教材 |
| 304 | @a本书其他编著者:王呈贵, 吴启晖, 龚玉萍。 | |
| 320 | @a有书目。 | |
| 410 | 0 | @12001 @a面向21世纪高等学校教材 |
| 606 | 0 | @a移动通信@x通信网@x高等学校@x教材 |
| 690 | @aTN929.5@v4 | |
| 701 | 0 | @a王金龙@AWang Jin Long@4编著 |
| 701 | 0 | @a王呈贵@Awang cheng gui@4编著 |
| 701 | 0 | @a吴启晖@Awu qi hui@4编著 |
| 801 | 0 | @aCN@bQSSK@c20050913 |
| 905 | @a10447@dTN929.5@eW233 | |
| Ad Hoc移动无线网络/王金龙 … [等] 编著.-北京:国防工业出版社,2004.05 |
| 326页:图;26cm.-(面向21世纪高等学校教材) |
| ISBN 7-118-03386-3:CNY31.00 |
| ● |
| 相关链接 |
|
|
|
正题名:Ad Hoc移动无线网络
索取号:TN929.5/W233
 
预约/预借
| 序号 | 登录号 | 条形码 | 馆藏地/架位号 | 状态 | 备注 |
| 1 | 563392 | 205633929 | 自科库301/301自科库 99排3列1层/ [索取号:TN929.5/W233] | 在馆 | |
| 2 | 563393 | 205633938 | 自科库301/301自科库 99排3列1层/ [索取号:TN929.5/W233] | 在馆 | |
| 3 | 563394 | 205633947 | 自科库301/301自科库 31排1列5层/ [索取号:TN929.5/W233] | 在馆 |